Ocena wywołanych czynnikami pozacenowymi zmian prawdopodobieństwa ubiegania się o kredyt bankowy przez małe przedsiębiorstwa / (Rekord nr 9110)
| 000 -ETYKIETA REKORDU | |
|---|---|
| podpole kontrolne o stałej długości | 01038naa a2200193 i 4500 |
| 001 - NUMER KONTROLNY REKORDU | |
| podpole kontrolne | 9110 |
| 003 - IDENTYFIKATOR NUMERU KONTROLNEGO REKORDU | |
| podpole kontrolne | KOSZ 005 |
| 005 - DATA OSTATNIEJ MODYFIKACJI REKORDU | |
| podpole kontrolne | 20180320090316.0 |
| 008 - POLE O STAŁEJ DŁUGOŚCI - DANE KONTROLNE | |
| podpole kontrolne o stałej długości | 180317s2010 pl f |000 0 pol |
| 040 ## - ŹRÓDŁO KATALOGOWANIA | |
| Instytucja, która sporządziła opis | KOSZ 005/HR |
| Instytucja, która utworzyła rekord | KOSZ 005/HR |
| 041 0# - KOD JĘZYKA | |
| Kod języka tekstu | pol |
| Kod języka streszczenia lub abstraktu | eng |
| 100 ## - NAZWA OSOBOWA | |
| Nazwa osobowa | ZAWADZKA, Danuta. |
| Lata pracy | 2007-2011. |
| Instytucja | Politechnika Koszalińska - Instytut Ekonomii i Zarządzania, |
| Wydział | Zakład Finansów |
| 245 10 - TYTUŁ/ODPOWIEDZIALNOŚĆ | |
| Tytuł | Ocena wywołanych czynnikami pozacenowymi zmian prawdopodobieństwa ubiegania się o kredyt bankowy przez małe przedsiębiorstwa / |
| Pozostałe elementy strefy tytułu i oznaczenia odpowiedzialności | Danuta Zawadzka, Roman Ardan. |
| 546 ## - UWAGA O JĘZYKU | |
| Uwaga o języku | Streszcz. ang. |
| 650 #0 - HASŁO PRZEDMIOTOWE W FORMIE NAZWY OGÓLNEJ LUB JEDNOSTKOWEJ | |
| Nazwa ogólna lub geograficzna | Przedsiębiorstwa małe i średnie. |
| 773 0# - TYTUŁ DOKUMENTU MACIERZYSTEGO | |
| Wyrażenie wprowadzające | W : |
| Tytuł | Efektywność - rozważania nad istotą i pomiarem / red. nauk. Tadeusz Dudycz, Grażyna Osbert-Pociecha. - |
| Adres wydawniczy | Wrocław : Wydaw. Uniwersytetu Ekonomicznego, 2010. - |
| Informacje dotyczące relacji | s. 603-615 |
| ISBN | 9788376950716 |
| Strefa serii | Prace Naukowe Uniwersytetu Ekonomicznego we Wrocławiu ; nr 144 |
| 700 ## - HASŁO DODATKOWE - NAZWA OSOBOWA | |
| Nazwa osobowa | ARDAN, Roman. |
| Instytucja | Politechnika Koszalińska - Instytut Ekonomii i Zarządzania |
| 942 ## - HASŁO DODATKOWE - ELEMENTY(KOHA) | |
| Schemat klasyfikacji | Uniwersalna klasyfikacja dziesiętna |
| Typ dokumentu | Rozdział |
Brak dostępnych egzemplarzy.
